Jurisdição Constitucional: (Record no. 7849)
[ view plain ]
| 000 -LEADER | |
|---|---|
| fixed length control field | 00587nam a22001697a 4500 |
| 003 - CONTROL NUMBER IDENTIFIER | |
| control field | TZ-ArACH |
| 005 - DATE AND TIME OF LATEST TRANSACTION | |
| control field | 20260414093109.0 |
| 008 - FIXED-LENGTH DATA ELEMENTS--GENERAL INFORMATION | |
| fixed length control field | 260414b |||||||| |||| 00| 0 eng d |
| 020 ## - INTERNATIONAL STANDARD BOOK NUMBER | |
| International Standard Book Number | 9788536262802 |
| 050 ## - LIBRARY OF CONGRESS CALL NUMBER | |
| Classification number | KHD2548 |
| Item number | .O45 2016 |
| 100 ## - MAIN ENTRY--PERSONAL NAME | |
| Personal name | Oliveira, Antonio Francisco Gomes de |
| 245 ## - TITLE STATEMENT | |
| Title | Jurisdição Constitucional: |
| Remainder of title | Diálogos Institucionais Como Terceira Via Entre o Ativismo e a Autocontenção Judicial |
| Statement of responsibility, etc | Antonio Francisco Gomes de Oliveira |
| 300 ## - PHYSICAL DESCRIPTION | |
| Extent | 219 p. |
| 504 ## - BIBLIOGRAPHY, ETC. NOTE | |
| Bibliography, etc | References and Index |
| 650 ## - SUBJECT ADDED ENTRY--TOPICAL TERM | |
| Topical term or geographic name as entry element | Constitutional Jurisdiction |
| Geographic subdivision | Brazil |
| 942 ## - ADDED ENTRY ELEMENTS (KOHA) | |
| Source of classification or shelving scheme | Library of Congress Classification |
| Koha item type | Books |
| Home library | Current library | Date acquired | Full call number | Barcode | Koha item type |
|---|---|---|---|---|---|
| African Court on Human and Peoples' Rights Library | African Court on Human and Peoples' Rights Library | 14/04/2026 | KHD2548 .O45 2016 | 10044388 | Books |
